00523nam a2200169Ia 4500008004100000040001900041041001200060082004300072100002200115245003500137260004800172300002700220504004100247650002000288651003500308850001000343131103s9999 xx 000 0 und d aLoreto College aEnglish a822.33(ID)/S/WIL/822.33/Y7/SHAb#NAME? aWilson,John Dover 4aThe sonnetscJohn Dover Wilson aCambridgebCambridge University Pressc1969 acxxvi,273 p. c 20 cm. aIncludes bibliographical references  aEnglish Sonnets aShakespeare, William - Sonnets aLCLIB